Psicopatología del lenguaje
Gardado en:
| Autor Principal: | |
|---|---|
| Formato: | Libro |
| Idioma: | Lingua castelá |
| Publicado: |
Barcelona
PPU
1991
|
| Series: | Colección Diferencias individuales y Psicológica Clínica
|
| Subjects: | |
| Tags: |
Engadir etiqueta
Sen Etiquetas, Sexa o primeiro en etiquetar este rexistro!
|
MARC
| LEADER | 00000nam a2200000 a 4500 | ||
|---|---|---|---|
| 001 | UCR5080 | ||
| 003 | CL-VaPUC | ||
| 008 | 980320e19910000SP |||||||||||||||||spa|d | ||
| 082 | 0 | 4 | |a 371.914 |b AGU |2 21 |
| 100 | 0 | |a Aguilar Alonso, Angel |e author |9 405761 | |
| 245 | 1 | 0 | |a Psicopatología del lenguaje |
| 300 | |a v | ||
| 942 | |c BK | ||
| 945 | |d 19980320 00:00:00 |a rbrito | ||
| 260 | |a Barcelona |b PPU |c 1991 | ||
| 500 | |a v1: <Un >modelo integral de intervención | ||
| 650 | 7 | |a TRASTORNO DEL HABLA |2 CL-VaPUC |9 322733 | |
| 650 | 7 | |a PSICOPATOLOGIA DEL LENGUAJE |2 CL-VaPUC |9 405762 | |
| 650 | 0 | |a Lenguaje |9 265069 | |
| 583 | |a last modification |c 19980320 00:00:00 |k Rodrigo Vera | ||
| 490 | 0 | |a Colección Diferencias individuales y Psicológica Clínica | |
| 999 | |c 267813 |d 267811 | ||
| 952 | |0 0 |1 0 |4 0 |6 371_914000000000000_AGU_1991 |7 0 |8 A |9 300532 |a BIBEDU |b BIBEDU |c ES_NOD |d 2019-11-20 |i 3404501 |o 371.914 AGU 1991 |p 3404501 |r 2023-08-09 |w 2019-11-20 |y BK |k EPE | ||